[Event "ESP-chT 2nd Division 2019"]
[Site "Linares"]
[Date "2019.08.23"]
[Round "7.14"]
[White "Leon Acosta, Miguel"]
[Black "Perera Borrego, Maria Adela"]
[Result "1/2-1/2"]
[WhiteElo "2155"]
[BlackElo "2186"]
[Annotator "ChessBase"]
[PlyCount "94"]
[EventDate "2019.08.19"]
[EventType "team-tourn"]
[EventCountry "ESP"]
[SourceTitle "playchess.com"]
[Source "ChessBase"]
[SourceQuality "1"]
[TimeControl "5400+30"]

1. Nf3 {[%emt 0:00:00]} Nf6 {[%emt 0:00:01]} 2. g3 {[%emt 0:00:00]} d5 {[%emt 0:00:32]} 3. Bg2 {[%emt 0:00:00]} c5 {[%emt 0:02:10]} 4. O-O {[%emt 0:00:05]} Nc6 {[%emt 0:00:06]} 5. d4 {[%emt 0:00:06]} e6 {[%emt 0:00:13]} 6. c4 {[%emt 0:00:10]} Be7 {[%emt 0:00:56]} 7. Nc3 {[%emt 0:00:18]} dxc4 {[%emt 0:04:38]} 8. Qa4 {[%emt 0:03:21]} O-O {[%emt 0:02:39]} 9. dxc5 {[%emt 0:00:40]} Qa5 {[%emt 0:07:06]} 10. Qxc4 {[%emt 0:07:11]} Qxc5 {[%emt 0:01:49]} 11. Qxc5 {[%emt 0:01:30]} Bxc5 {[%emt 0:00:02]} 12. Bf4 {[%emt 0:00:48]} Nd5 {[%emt 0:09:14]} 13. Nxd5 {[%emt 0:08:07]} exd5 {[%emt 0:00:18]} 14. Rac1 {[%emt 0:00:14]} Be7 {[%emt 0:02:42]} 15. Rfd1 {[%emt 0:10:35]} Be6 {[%emt 0:03:15]} 16. Ne5 {[%emt 0:18:05]} g5 {[%emt 0:23:00]} 17. Nxc6 {[%emt 0:02:00]} bxc6 {[%emt 0:00:07]} 18. Bc7 {[%emt 0:00:41]} Bd7 {[%emt 0:01:57]} 19. e4 {[%emt 0:02:57]} Rac8 {[%emt 0:02:06]} 20. exd5 {[%emt 0:03:10]} Rxc7 {[%emt 0:04:34]} 21. d6 {[%emt 0:00:11]} Bxd6 {[%emt 0:03:34]} 22. Rxd6 {[%emt 0:00:03]} Rb8 {[%emt 0:03:22]} 23. b3 {[%emt 0:01:32]} Kg7 {[%emt 0:03:19]} 24. Rc4 {[%emt 0:04:47]} Rb6 {[%emt 0:02:33]} 25. h4 {[%emt 0:00:46]} h6 {[%emt 0:00:56]} 26. hxg5 {[%emt 0:16:42]} hxg5 {[%emt 0:00:07]} 27. f4 {[%emt 0:06:26]} gxf4 {[%emt 0:01:45]} 28. gxf4 {[%emt 0:01:35]} Kf8 {[%emt 0:02:25]} 29. Rc5 {[%emt 0:02:00]} Rb5 {[%emt 0:02:28]} 30. Re5 {[%emt 0:00:33]} Rxe5 {[%emt 0:01:25]} 31. fxe5 {[%emt 0:00:07]} c5 {[%emt 0:00:42]} 32. Bd5 {[%emt 0:00:24]} Ke7 {[%emt 0:03:47]} 33. Kf2 {[%emt 0:00:40]} Bc8 {[%emt 0:05:51]} 34. Ke3 {[%emt 0:01:03]} Rd7 {[%emt 0:04:23]} 35. Rxd7+ {[%emt 0:00:54]} Bxd7 {[%emt 0:00:02]} 36. Kd3 {[%emt 0:01:05]} Bb5+ {[%emt 0:00:30]} 37. Kc3 {[%emt 0:01:02]} f6 {[%emt 0:02:07]} 38. exf6+ {[%emt 0:01:02]} Kxf6 {[%emt 0:00:07]} 39. b4 {[%emt 0:00:20]} Ke5 {[%emt 0:00:39]} 40. bxc5 {[%emt 0:01:09]} Kxd5 {[%emt 0:00:37]} 41. a4 {[%emt 0:00:17]} Bxa4 {[%emt 0:00:54]} 42. c6 {[%emt 0:00:14]} Bxc6 {[%emt 0:00:34]} 43. Kb2 {[%emt 0:00:06]} Kc4 {[%emt 0:00:04]} 44. Ka1 {[%emt 0:00:12]} Kb3 {[%emt 0:00:14]} 45. Kb1 {[%emt 0:00:12]} a5 {[%emt 0:00:25]} 46. Ka1 {[%emt 0:00:06]} a4 {[%emt 0:01:23]} 47. Kb1 {[%emt 0:00:06]} a3 {[%emt 0:00:13]} 1/2-1/2

[Event "ESP-chT 2nd Division 2019"]
[Site "Linares"]
[Date "2019.08.23"]
[Round "7.15"]
[White "Terron Elena, Francisco M."]
[Black "Ordonez Torres, Maria Del Carmen"]
[Result "1-0"]
[WhiteElo "2167"]
[BlackElo "2027"]
[Annotator "ChessBase"]
[PlyCount "67"]
[EventDate "2019.08.19"]
[EventType "team-tourn"]
[EventCountry "ESP"]
[SourceTitle "playchess.com"]
[Source "ChessBase"]
[SourceQuality "1"]
[TimeControl "5400+30"]

1. d4 {[%emt 0:00:00]} Nf6 {[%emt 0:00:00]} 2. c4 {[%emt 0:00:00]} g6 {[%emt 0:00:00]} 3. Nf3 {[%emt 0:02:18]} Bg7 {[%emt 0:00:00]} 4. g3 {[%emt 0:00:06]} d6 {[%emt 0:00:13]} 5. Bg2 {[%emt 0:00:07]} O-O {[%emt 0:00:07]} 6. O-O {[%emt 0:00:07]} Nbd7 {[%emt 0:00:17]} 7. Qc2 {[%emt 0:01:34]} e5 {[%emt 0:00:51]} 8. Rd1 {[%emt 0:00:29]} Qe7 {[%emt 0:01:16]} 9. Nc3 {[%emt 0:00:36]} c6 {[%emt 0:01:07]} 10. e4 {[%emt 0:01:17]} a6 {[%emt 0:01:28]} 11. b3 {[%emt 0:09:15]} Re8 {[%emt 0:03:48]} 12. Ba3 {[%emt 0:02:05]} exd4 {[%emt 0:11:59]} 13. Nxd4 {[%emt 0:02:23]} c5 {[%emt 0:04:39]} 14. Nde2 {[%emt 0:00:19]} Rb8 {[%emt 0:02:06]} 15. Nf4 {[%emt 0:09:38]} b5 {[%emt 0:03:38]} 16. Ncd5 {[%emt 0:08:49]} Nxd5 {[%emt 0:10:13]} 17. Nxd5 {[%emt 0:00:20]} Qf8 {[%emt 0:04:57]} 18. Rab1 {[%emt 0:02:08]} Ne5 {[%emt 0:03:02]} 19. cxb5 {[%emt 0:23:36]} axb5 {[%emt 0:00:29]} 20. f4 {[%emt 0:00:17]} Nc6 {[%emt 0:05:01]} 21. Bb2 {[%emt 0:21:56]} Nd4 {[%emt 0:07:28]} 22. Bxd4 {[%emt 0:00:10]} cxd4 {[%emt 0:01:50]} 23. Nb4 {[%emt 0:03:26]} Bb7 {[%emt 0:03:28]} 24. Rbc1 {[%emt 0:02:03]} Rbc8 {[%emt 0:02:21]} 25. Qd3 {[%emt 0:00:48]} Rc5 {[%emt 0:03:09]} 26. Rc2 {[%emt 0:02:53]} Rec8 {[%emt 0:03:32]} 27. Re2 {[%emt 0:00:59]} Qd8 {[%emt 0:05:04]} 28. Bh3 {[%emt 0:02:23]} Rc3 {[%emt 0:12:23]} 29. Qxb5 {[%emt 0:00:18]} Rb8 {[%emt 0:05:29]} 30. Na6 {[%emt 0:01:27]} Bc6 {[%emt 0:01:29]} 31. Qxb8 {[%emt 0:00:03]} Qxb8 {[%emt 0:00:48]} 32. Nxb8 {[%emt 0:00:01]} Bb5 {[%emt 0:00:51]} 33. Red2 {[%emt 0:00:28]} d3 {[%emt 0:00:30]} 34. Bd7 {[%emt 0:00:34]} 1-0

[Event "ESP-chT 2nd Division 2019"]
[Site "Linares"]
[Date "2019.08.23"]
[Round "7.16"]
[White "Lopez Mulet, Inigo"]
[Black "Adla, Diego"]
[Result "0-1"]
[WhiteElo "2397"]
[BlackElo "2424"]
[Annotator "ChessBase"]
[PlyCount "86"]
[EventDate "2019.08.19"]
[EventType "team-tourn"]
[EventCountry "ESP"]
[SourceTitle "playchess.com"]
[Source "ChessBase"]
[SourceQuality "1"]
[TimeControl "5400+30"]

1. d4 {[%emt 0:00:00]} Nf6 {[%emt 0:00:00]} 2. c4 {[%emt 0:00:00]} e6 {[%emt 0:00:03]} 3. g3 {[%emt 0:00:00]} c5 {[%emt 0:00:06]} 4. d5 {[%emt 0:00:09]} exd5 {[%emt 0:00:06]} 5. cxd5 {[%emt 0:00:04]} d6 {[%emt 0:00:06]} 6. Nc3 {[%emt 0:00:05]} g6 {[%emt 0:00:04]} 7. Bg2 {[%emt 0:00:04]} Bg7 {[%emt 0:00:05]} 8. Nf3 {[%emt 0:00:05]} O-O {[%emt 0:00:05]} 9. O-O {[%emt 0:00:04]} Re8 {[%emt 0:00:05]} 10. Re1 {[%emt 0:00:06]} a6 {[%emt 0:00:13]} 11. a4 {[%emt 0:00:05]} Nbd7 {[%emt 0:00:07]} 12. e4 {[%emt 0:00:43]} Ng4 {[%emt 0:02:15]} 13. Nh4 {[%emt 0:00:13]} Nge5 {[%emt 0:03:22]} 14. f4 {[%emt 0:00:07]} Nc4 {[%emt 0:00:06]} 15. Nf3 {[%emt 0:00:06]} Rb8 {[%emt 0:02:12]} 16. Qc2 {[%emt 0:12:37]} Na5 {[%emt 0:01:09]} 17. e5 {[%emt 0:31:14]} dxe5 {[%emt 0:20:58]} 18. d6 {[%emt 0:01:22]} Qb6 {[%emt 0:01:38]} 19. fxe5 {[%emt 0:23:22]} Nxe5 {[%emt 0:08:18]} 20. Bf4 {[%emt 0:09:50]} Bf5 {[%emt 0:12:44]} 21. Qe2 {[%emt 0:06:35]} Nac4 {[%emt 0:29:51]} 22. Rad1 {[%emt 0:03:29]} Rbd8 {[%emt 0:00:59]} 23. Nd5 {[%emt 0:04:19]} Qxd6 {[%emt 0:00:09]} 24. Nxe5 {[%emt 0:00:03]} Nxe5 {[%emt 0:00:14]} 25. Bg5 {[%emt 0:00:05]} Bg4 {[%emt 0:06:35]} 26. Qf2 {[%emt 0:07:12]} Bxd1 {[%emt 0:00:15]} 27. Rxd1 {[%emt 0:00:05]} f6 {[%emt 0:03:53]} 28. Bxf6 {[%emt 0:01:20]} Bxf6 {[%emt 0:01:24]} 29. Qxf6 {[%emt 0:00:34]} Qxf6 {[%emt 0:00:20]} 30. Nxf6+ {[%emt 0:00:02]} Kh8 {[%emt 0:00:10]} 31. Rc1 {[%emt 0:00:46]} Nd3 {[%emt 0:01:17]} 32. Rd1 {[%emt 0:00:41]} Nxb2 {[%emt 0:01:29]} 33. Rb1 {[%emt 0:00:06]} Re6 {[%emt 0:00:57]} 34. Nd5 {[%emt 0:00:51]} Re2 {[%emt 0:00:27]} 35. Nc3 {[%emt 0:00:29]} Rc2 {[%emt 0:00:25]} 36. Bxb7 {[%emt 0:00:17]} Rxc3 {[%emt 0:00:42]} 37. Rxb2 {[%emt 0:00:03]} Rb8 {[%emt 0:00:14]} 38. Rb6 {[%emt 0:00:31]} Rc4 {[%emt 0:01:28]} 39. a5 {[%emt 0:00:26]} Rb4 {[%emt 0:00:40]} 40. Rxb4 {[%emt 0:00:15]} cxb4 {[%emt 0:00:09]} 41. Bxa6 {[%emt 0:00:02]} b3 {[%emt 0:00:31]} 42. Bd3 {[%emt 0:00:08]} b2 {[%emt 0:00:12]} 43. Bb1 {[%emt 0:00:04]} Rc8 {[%emt 0:00:06]} 0-1

[Event "ESP-chT 2nd Division 2019"]
[Site "Linares"]
[Date "2019.08.23"]
[Round "7.17"]
[White "Glavina, Pablo"]
[Black "Carrasco Martinez, Juan M."]
[Result "0-1"]
[WhiteElo "2407"]
[BlackElo "2374"]
[Annotator "ChessBase"]
[PlyCount "81"]
[EventDate "2019.08.19"]
[EventType "team-tourn"]
[EventCountry "ESP"]
[SourceTitle "playchess.com"]
[Source "ChessBase"]
[SourceQuality "1"]
[TimeControl "5400+30"]

1. c4 {[%emt 0:06:12]} Nf6 {[%emt 0:02:06]} 2. g3 {[%emt 0:00:14]} c6 {[%emt 0:01:29]} 3. Bg2 {[%emt 0:00:07]} d5 {[%emt 0:00:07]} 4. Nf3 {[%emt 0:00:08]} g6 {[%emt 0:02:44]} 5. b3 {[%emt 0:00:15]} Bg7 {[%emt 0:00:24]} 6. Bb2 {[%emt 0:00:06]} O-O {[%emt 0:00:07]} 7. O-O {[%emt 0:00:04]} a5 {[%emt 0:01:03]} 8. d3 {[%emt 0:04:42]} Na6 {[%emt 0:02:14]} 9. a3 {[%emt 0:01:17]} Bg4 {[%emt 0:03:34]} 10. Nbd2 {[%emt 0:01:23]} Bxf3 {[%emt 0:00:43]} 11. Nxf3 {[%emt 0:00:07]} e6 {[%emt 0:03:01]} 12. Qc2 {[%emt 0:00:20]} Nd7 {[%emt 0:02:21]} 13. Bxg7 {[%emt 0:00:16]} Kxg7 {[%emt 0:00:06]} 14. e4 {[%emt 0:00:32]} dxe4 {[%emt 0:06:22]} 15. dxe4 {[%emt 0:00:10]} Qf6 {[%emt 0:00:37]} 16. Rfe1 {[%emt 0:02:04]} Ne5 {[%emt 0:01:33]} 17. Nd4 {[%emt 0:04:57]} Rfd8 {[%emt 0:02:11]} 18. Rad1 {[%emt 0:00:07]} Nc5 {[%emt 0:07:17]} 19. Re2 {[%emt 0:11:56]} Rxd4 {[%emt 0:02:51]} 20. Rxd4 {[%emt 0:00:04]} Nf3+ {[%emt 0:00:05]} 21. Bxf3 {[%emt 0:00:04]} Qxd4 {[%emt 0:00:06]} 22. Re1 {[%emt 0:00:09]} Qf6 {[%emt 0:02:01]} 23. Bg4 {[%emt 0:03:21]} Rd8 {[%emt 0:01:36]} 24. Kg2 {[%emt 0:09:46]} h5 {[%emt 0:06:07]} 25. Be2 {[%emt 0:04:00]} e5 {[%emt 0:01:15]} 26. Rd1 {[%emt 0:00:14]} Rxd1 {[%emt 0:02:29]} 27. Bxd1 {[%emt 0:00:01]} Qd6 {[%emt 0:01:29]} 28. Bf3 {[%emt 0:01:29]} Qd4 {[%emt 0:01:43]} 29. h4 {[%emt 0:00:42]} Nd3 {[%emt 0:02:40]} 30. Kf1 {[%emt 0:00:19]} f5 {[%emt 0:02:50]} 31. exf5 {[%emt 0:01:02]} e4 {[%emt 0:00:09]} 32. Bd1 {[%emt 0:00:25]} Nxf2 {[%emt 0:06:33]} 33. f6+ {[%emt 0:01:47]} Kf7 {[%emt 0:00:50]} 34. Qxf2 {[%emt 0:00:43]} Qxd1+ {[%emt 0:00:06]} 35. Kg2 {[%emt 0:00:09]} Qxb3 {[%emt 0:00:42]} 36. Qd4 {[%emt 0:01:01]} Qf3+ {[%emt 0:00:48]} 37. Kh2 {[%emt 0:00:31]} Qf5 {[%emt 0:05:07]} 38. a4 {[%emt 0:01:50]} Qe6 {[%emt 0:01:05]} 39. Kg2 {[%emt 0:00:34]} e3 {[%emt 0:00:24]} 40. Kf3 {[%emt 0:01:01]} e2 {[%emt 0:00:27]} 41. Qd1 0-1

[Event "ESP-chT 2nd Division 2019"]
[Site "Linares"]
[Date "2019.08.23"]
[Round "7.18"]
[White "Figuero Toro, Julian Francisco"]
[Black "Quintin Navarro, Alberto"]
[Result "0-1"]
[WhiteElo "2268"]
[BlackElo "2376"]
[Annotator "ChessBase"]
[PlyCount "45"]
[EventDate "2019.08.19"]
[EventType "team-tourn"]
[EventCountry "ESP"]
[SourceTitle "playchess.com"]
[Source "ChessBase"]
[SourceQuality "1"]
[TimeControl "5400+30"]

1. e4 {[%emt 0:00:01]} e5 {[%emt 0:00:17]} 2. Nf3 {[%emt 0:00:06]} Nc6 {[%emt 0:00:04]} 3. Bc4 {[%emt 0:00:09]} Nf6 {[%emt 0:00:23]} 4. Ng5 {[%emt 0:00:28]} d5 {[%emt 0:00:17]} 5. exd5 {[%emt 0:00:05]} Na5 {[%emt 0:00:04]} 6. Bb5+ {[%emt 0:00:09]} c6 {[%emt 0:00:09]} 7. dxc6 {[%emt 0:00:05]} bxc6 {[%emt 0:00:04]} 8. Bd3 {[%emt 0:02:32]} Nd5 {[%emt 0:03:31]} 9. h4 {[%emt 0:01:15]} Nf4 {[%emt 0:12:26]} 10. Bf1 {[%emt 0:00:52]} h6 {[%emt 0:08:16]} 11. Nf3 {[%emt 0:00:48]} e4 {[%emt 0:01:56]} 12. d4 {[%emt 0:03:40]} Ne6 {[%emt 0:00:27]} 13. Ne5 {[%emt 0:04:41]} Qxd4 {[%emt 0:02:56]} 14. Qh5 {[%emt 0:16:58]} g6 {[%emt 0:02:59]} 15. Nxg6 {[%emt 0:00:07]} fxg6 {[%emt 0:00:27]} 16. Qxg6+ {[%emt 0:00:05]} Kd8 {[%emt 0:14:08]} 17. Nc3 {[%emt 0:01:59]} Bb4 {[%emt 0:04:11]} 18. Bd2 {[%emt 0:01:49]} Nf4 {[%emt 0:08:27]} 19. Qf7 {[%emt 0:11:47]} Rf8 {[%emt 0:01:29]} 20. Qxf8+ {[%emt 0:06:25]} Bxf8 {[%emt 0:00:08]} 21. Bxf4 {[%emt 0:00:08]} Bg4 {[%emt 0:03:57]} 22. f3 {[%emt 0:00:44]} exf3 {[%emt 0:00:27]} 23. Bc1 0-1

[Event "ESP-chT 2nd Division 2019"]
[Site "Linares"]
[Date "2019.08.23"]
[Round "7.19"]
[White "Chueca Lorente, Javier"]
[Black "Gonzalez Cano, Juan Jose"]
[Result "1/2-1/2"]
[WhiteElo "2144"]
[BlackElo "2019"]
[Annotator "ChessBase"]
[PlyCount "77"]
[EventDate "2019.08.19"]
[EventType "team-tourn"]
[EventCountry "ESP"]
[SourceTitle "playchess.com"]
[Source "ChessBase"]
[SourceQuality "1"]
[TimeControl "5400+30"]

1. c4 {[%emt 0:03:47]} e5 {[%emt 0:00:00]} 2. g3 {[%emt 0:00:55]} Nf6 {[%emt 0:00:00]} 3. Bg2 {[%emt 0:00:05]} d5 {[%emt 0:00:00]} 4. cxd5 {[%emt 0:00:03]} Nxd5 {[%emt 0:00:08]} 5. Nc3 {[%emt 0:00:06]} Nb6 {[%emt 0:00:06]} 6. Nf3 {[%emt 0:00:53]} Nc6 {[%emt 0:00:09]} 7. O-O {[%emt 0:00:18]} Be7 {[%emt 0:04:05]} 8. a3 {[%emt 0:04:17]} a5 {[%emt 0:00:11]} 9. b3 {[%emt 0:01:54]} O-O {[%emt 0:09:08]} 10. Bb2 {[%emt 0:00:46]} Be6 {[%emt 0:05:18]} 11. d3 {[%emt 0:02:43]} f6 {[%emt 0:01:01]} 12. Rc1 {[%emt 0:02:00]} Qd7 {[%emt 0:03:03]} 13. Nb5 {[%emt 0:11:01]} a4 {[%emt 0:26:50]} 14. Nd2 {[%emt 0:20:43]} Ra5 {[%emt 0:15:09]} 15. Nc3 {[%emt 0:01:49]} Nd4 {[%emt 0:05:16]} 16. b4 {[%emt 0:01:00]} Ra7 {[%emt 0:00:31]} 17. Nce4 {[%emt 0:02:56]} Nb3 {[%emt 0:05:40]} 18. Nc5 {[%emt 0:12:09]} Bxc5 {[%emt 0:07:57]} 19. bxc5 {[%emt 0:00:04]} Nxc1 {[%emt 0:00:07]} 20. cxb6 {[%emt 0:00:05]} Nxe2+ {[%emt 0:00:06]} 21. Qxe2 {[%emt 0:00:08]} cxb6 {[%emt 0:00:04]} 22. Qe3 {[%emt 0:04:28]} Ra5 {[%emt 0:03:07]} 23. Ne4 {[%emt 0:10:20]} Rc8 {[%emt 0:10:12]} 24. d4 {[%emt 0:04:12]} Rb5 {[%emt 0:01:01]} 25. Bc3 {[%emt 0:02:49]} exd4 {[%emt 0:01:07]} 26. Bxd4 {[%emt 0:01:19]} Rb3 {[%emt 0:00:11]} 27. Qd2 {[%emt 0:02:14]} Rxa3 {[%emt 0:00:46]} 28. Qb2 {[%emt 0:01:41]} Rb3 {[%emt 0:00:58]} 29. Qa1 {[%emt 0:00:01]} Kf7 {[%emt 0:01:06]} 30. Bxf6 {[%emt 0:02:11]} gxf6 {[%emt 0:00:32]} 31. Qxf6+ {[%emt 0:00:01]} Kg8 {[%emt 0:00:46]} 32. Ng5 {[%emt 0:00:29]} Bc4 {[%emt 0:00:43]} 33. Bh3 {[%emt 0:00:55]} Qg7 {[%emt 0:00:37]} 34. Be6+ {[%emt 0:00:53]} Kh8 {[%emt 0:00:32]} 35. Nf7+ {[%emt 0:01:39]} Kg8 {[%emt 0:00:00]} 36. Nh6+ {[%emt 0:00:28]} Kh8 {[%emt 0:00:08]} 37. Nf7+ {[%emt 0:00:26]} Kg8 {[%emt 0:00:01]} 38. Nd6+ Kh8 39. Qxg7+ 1/2-1/2

[Event "ESP-chT 2nd Division 2019"]
[Site "Linares"]
[Date "2019.08.23"]
[Round "7.20"]
[White "Guillo Longares, Cecilia"]
[Black "Roque Sola, Gisela"]
[Result "1/2-1/2"]
[WhiteElo "1916"]
[BlackElo "2048"]
[Annotator "NA"]
[PlyCount "39"]
[EventDate "2019.08.19"]
[EventType "team-tourn"]
[EventCountry "ESP"]
[SourceTitle "playchess.com"]
[Source "ChessBase"]
[SourceQuality "1"]
[TimeControl "5400+30"]

1. c4 {[%emt 0:00:00]} Nf6 {[%emt 0:00:23]} 2. Nc3 {[%emt 0:00:00]} e6 {[%emt 0:00:06]} 3. e4 {[%emt 0:00:00]} c5 {[%emt 0:02:59]} 4. e5 {[%emt 0:00:50]} Ng8 {[%emt 0:00:48]} 5. d4 {[%emt 0:02:27]} cxd4 {[%emt 0:01:11]} 6. Qxd4 {[%emt 0:00:09]} Nc6 {[%emt 0:01:02]} 7. Qe4 {[%emt 0:00:39]} d6 {[%emt 0:02:36]} 8. f4 {[%emt 0:02:21]} dxe5 {[%emt 0:07:21]} 9. fxe5 {[%emt 0:00:14]} Qa5 {[%emt 0:01:12]} 10. Nf3 {[%emt 0:00:48]} Bb4 {[%emt 0:00:25]} 11. Bd2 {[%emt 0:00:45]} Nge7 {[%emt 0:00:25]} 12. a3 {[%emt 0:06:53]} Nf5 {[%emt 0:06:51]} 13. g4 {[%emt 0:04:27]} Nfe7 {[%emt 0:01:03]} 14. O-O-O {[%emt 0:00:15]} Bxa3 {[%emt 0:06:22]} 15. bxa3 {[%emt 0:00:35]} Qxa3+ {[%emt 0:00:08]} 16. Kb1 {[%emt 0:00:06]} Qb3+ {[%emt 0:00:31]} 17. Kc1 {[%emt 0:04:17]} Qa3+ {[%emt 0:00:17]} 18. Kb1 {[%emt 0:00:05]} Qb3+ {[%emt 0:00:10]} 19. Kc1 {[%emt 0:00:13]} Qa3+ {[%emt 0:00:07]} 20. Kb1 {[%emt 0:00:17]} 1/2-1/2

[Event "ESP-chT 2nd Division 2019"]
[Site "Linares"]
[Date "2019.08.23"]
[Round "7.21"]
[White "Montoliu Cervero, Francisco"]
[Black "Cruz Lledo, Pablo"]
[Result "1/2-1/2"]
[WhiteElo "2393"]
[BlackElo "2445"]
[Annotator "ChessBase"]
[PlyCount "149"]
[EventDate "2019.08.19"]
[EventType "team-tourn"]
[EventCountry "ESP"]
[SourceTitle "playchess.com"]
[Source "ChessBase"]
[SourceQuality "1"]
[TimeControl "5400+30"]

1. e4 {[%emt 0:02:09]} c6 {[%emt 0:01:01]} 2. d4 {[%emt 0:00:17]} d5 {[%emt 0:00:04]} 3. Nc3 g6 {[%emt 0:00:32]} 4. h3 {[%emt 0:03:48]} Bg7 {[%emt 0:00:09]} 5. Nf3 {[%emt 0:05:16]} dxe4 {[%emt 0:00:05]} 6. Nxe4 {[%emt 0:00:08]} Nf6 {[%emt 0:00:03]} 7. Nxf6+ {[%emt 0:03:16]} exf6 {[%emt 0:00:48]} 8. Bc4 {[%emt 0:02:33]} O-O {[%emt 0:00:05]} 9. O-O {[%emt 0:00:19]} a5 {[%emt 0:00:04]} 10. a4 {[%emt 0:04:28]} Na6 {[%emt 0:00:12]} 11. Bf4 {[%emt 0:02:27]} Nb4 {[%emt 0:00:09]} 12. c3 {[%emt 0:02:23]} Nd5 {[%emt 0:00:05]} 13. Bh2 {[%emt 0:01:36]} Be6 {[%emt 0:00:04]} 14. Qb3 {[%emt 0:02:30]} Qd7 {[%emt 0:00:43]} 15. Rfe1 {[%emt 0:04:08]} Rfe8 {[%emt 0:00:51]} 16. Nd2 {[%emt 0:01:52]} f5 {[%emt 0:00:10]} 17. Nf3 {[%emt 0:03:14]} f6 {[%emt 0:00:14]} 18. Re2 {[%emt 0:03:17]} Bf7 {[%emt 0:00:16]} 19. Rae1 {[%emt 0:01:23]} Rxe2 {[%emt 0:00:07]} 20. Rxe2 {[%emt 0:00:02]} g5 {[%emt 0:01:35]} 21. Nd2 {[%emt 0:04:24]} h5 {[%emt 0:06:14]} 22. Qc2 {[%emt 0:05:19]} f4 {[%emt 0:10:57]} 23. Bd3 {[%emt 0:01:37]} Ne7 {[%emt 0:14:18]} 24. Ne4 {[%emt 0:09:44]} h4 25. Nd2 {[%emt 0:09:25]} Re8 {[%emt 0:13:34]} 26. Nc4 {[%emt 0:03:29]} Qc7 {[%emt 0:07:02]} 27. Kf1 {[%emt 0:02:24]} Bf8 {[%emt 0:04:41]} 28. Re1 {[%emt 0:03:44]} Rd8 {[%emt 0:10:32]} 29. f3 {[%emt 0:06:47]} Nd5 {[%emt 0:01:18]} 30. Bg1 {[%emt 0:01:14]} Kg7 {[%emt 0:02:06]} 31. Qe2 {[%emt 0:01:21]} Re8 {[%emt 0:01:11]} 32. Qd2 {[%emt 0:00:57]} b5 {[%emt 0:01:02]} 33. Rxe8 {[%emt 0:00:40]} Bxe8 {[%emt 0:00:04]} 34. Na3 {[%emt 0:00:24]} Bxa3 {[%emt 0:01:36]} 35. bxa3 {[%emt 0:00:02]} Qe7 {[%emt 0:02:28]} 36. Qc1 {[%emt 0:01:25]} Bg6 {[%emt 0:10:49]} 37. Bxg6 {[%emt 0:02:07]} Kxg6 {[%emt 0:00:02]} 38. Bf2 {[%emt 0:02:30]} Kh6 {[%emt 0:01:25]} 39. Qb2 {[%emt 0:02:58]} Qe8 {[%emt 0:01:37]} 40. Qb3 {[%emt 0:00:30]} Qd7 {[%emt 0:00:18]} 41. axb5 {[%emt 0:01:45]} cxb5 {[%emt 0:00:01]} 42. c4 {[%emt 0:00:08]} bxc4 {[%emt 0:01:06]} 43. Qxc4 {[%emt 0:00:01]} a4 {[%emt 0:00:29]} 44. Qc5 {[%emt 0:01:58]} Kg7 {[%emt 0:00:08]} 45. Kg1 {[%emt 0:00:43]} Kf7 {[%emt 0:00:50]} 46. Kh2 {[%emt 0:00:00]} Ne7 47. Qc4+ Kg7 {[%emt 0:03:08]} 48. Be1 {[%emt 0:01:29]} Nf5 {[%emt 0:00:11]} 49. Bf2 {[%emt 0:01:16]} Ne7 {[%emt 0:02:09]} 50. Kg1 {[%emt 0:00:07]} Nd5 {[%emt 0:00:08]} 51. Kf1 Qb7 {[%emt 0:00:25]} 52. Kg1 {[%emt 0:01:29]} Qb3 {[%emt 0:00:35]} 53. Qc5 {[%emt 0:00:20]} Kf7 {[%emt 0:01:16]} 54. Kh2 Qa2 {[%emt 0:01:44]} 55. Qd6 {[%emt 0:01:09]} Ne7 {[%emt 0:01:04]} 56. Be1 {[%emt 0:00:32]} Qe6 {[%emt 0:00:14]} 57. Qb4 {[%emt 0:00:31]} Nf5 {[%emt 0:00:18]} 58. Bf2 {[%emt 0:00:43]} Qe2 {[%emt 0:01:07]} 59. Bg1 {[%emt 0:00:32]} Qd1 {[%emt 0:03:38]} 60. Qb7+ Kg6 {[%emt 0:00:09]} 61. Qd7 {[%emt 0:00:52]} Qb3 {[%emt 0:00:47]} 62. Qe8+ {[%emt 0:00:12]} Kg7 {[%emt 0:00:49]} 63. Qd7+ {[%emt 0:00:01]} Kg6 {[%emt 0:00:09]} 64. Qe8+ {[%emt 0:00:01]} Kh7 {[%emt 0:00:21]} 65. Qe4 {[%emt 0:01:07]} Kg6 {[%emt 0:01:02]} 66. d5 {[%emt 0:01:00]} Qxa3 {[%emt 0:00:17]} 67. Qe8+ {[%emt 0:00:18]} Kg7 {[%emt 0:00:39]} 68. Qd7+ {[%emt 0:00:03]} Kg6 69. Qe8+ {[%emt 0:00:01]} Kg7 {[%emt 0:00:52]} 70. Qc8 {[%emt 0:00:20]} Ne3 {[%emt 0:01:40]} 71. Qc7+ {[%emt 0:00:37]} Kh6 {[%emt 0:00:43]} 72. Bxe3 {[%emt 0:00:56]} fxe3 {[%emt 0:00:07]} 73. Qd8 {[%emt 0:00:59]} Qc3 {[%emt 0:01:13]} 74. Qh8+ {[%emt 0:00:22]} Kg6 {[%emt 0:00:00]} 75. Qg8+ {[%emt 0:00:11]} 1/2-1/2